Vista normal
Vista MARC
Entrada Personal Name
Número de registros utilizados en: 1
001 - CONTROL NUMBER
- control field: 16709
003 - CONTROL NUMBER IDENTIFIER
- control field: Mx-PuUPA
005 - DATE AND TIME OF LATEST TRANSACTION
- control field: 20250206101314.0
008 - FIXED-LENGTH DATA ELEMENTS
- fixed length control field: 250206|| aca||aabn | a|a d
040 ## - CATALOGING SOURCE
- Original cataloging agency: Mx-PuUPA
- Language of cataloging: spa
- Transcribing agency: Mx-PuUPA
- Modifying agency: Mx-PuUPA
- Description conventions: rda
100 1# - HEADING--PERSONAL NAME
- Personal name: Castellanos, Leonel,
372 ## - FIELD OF ACTIVITY
- Field of activity: Programación Neuroligüística
374 ## - OCCUPATION
- Occupation: Autor
- Occupation: Profesor
375 ## - GENDER
- Gender: hombre
377 ## - ASSOCIATED LANGUAGE
- Language code: spa
670 ## - SOURCE DATA FOUND
- Source citation: El efecto Leopi para ellas : la guia esencial para convertirte en la mujer que siempre obtiene lo que quiere y a quien quiere, 2013:
- Information found: poortada (Leonel Castellanos)